Применение метода экспертных оценок для выявления оптимального эскизного решения в проектировании фотобиореактора; Молодежь и современные информационные технологии

Dettagli Bibliografici
Parent link:Молодежь и современные информационные технологии.— 2019.— [С. 494-495]
Autore principale: Викулова М. А.
Ente Autore: Национальный исследовательский Томский политехнический университет Инженерная школа информационных технологий и робототехники Отделение автоматизации и робототехники (ОАР)
Altri autori: Хмелевский Ю. П. Юрий Петрович
Riassunto:Заглавие с титульного экрана
Lingua:russo
Pubblicazione: 2019
Serie:Компьютерная графика и дизайн
Soggetti:
Accesso online:http://earchive.tpu.ru/handle/11683/52640
Natura: Elettronico Capitolo di libro
KOHA link:https://koha.lib.tpu.ru/cgi-bin/koha/opac-detail.pl?biblionumber=629211

MARC

LEADER 00000naa2a2200000 4500
001 629211
005 20231219124006.0
035 |a (RuTPU)RU\TPU\conf\29659 
035 |a RU\TPU\conf\29652 
090 |a 629211 
100 |a 20190204d2019 k y0rusy50 ca 
101 0 |a rus 
102 |a RU 
105 |a y z 101zy 
135 |a drcn ---uucaa 
181 0 |a i  
182 0 |a b 
200 1 |a Применение метода экспертных оценок для выявления оптимального эскизного решения в проектировании фотобиореактора  |f М. А. Викулова, Ю. П. Хмелевский 
203 |a Текст  |c электронный 
225 1 |a Компьютерная графика и дизайн 
300 |a Заглавие с титульного экрана 
320 |a [Библиогр.: с. 495 (3 назв.)] 
463 0 |0 (RuTPU)RU\TPU\conf\29427  |t Молодежь и современные информационные технологии  |o сборник трудов XVI Международной научно-практической конференции студентов, аспирантов и молодых учёных, 3-7 декабря 2018 г., г. Томск  |f Национальный исследовательский Томский политехнический университет, Инженерная школа информационных технологий и робототехники ; под ред. Д. М. Сонькина [и др.]  |v [С. 494-495]  |d 2019 
610 1 |a электронный ресурс 
610 1 |a труды учёных ТПУ 
610 1 |a экспертные оценки 
610 1 |a оптимальные решения 
610 1 |a проектирование 
610 1 |a фотобиореакторы 
610 1 |a формообразование 
610 1 |a микроводоросли 
700 1 |a Викулова  |b М. А. 
701 1 |a Хмелевский  |b Ю. П.  |c специалист в области инженерной графики и начертательной геометрии  |c ассистент кафедры Томского политехнического университета  |f 1969-  |g Юрий Петрович  |3 (RuTPU)RU\TPU\pers\33490  |9 17158 
712 0 2 |a Национальный исследовательский Томский политехнический университет  |b Инженерная школа информационных технологий и робототехники  |b Отделение автоматизации и робототехники (ОАР)  |3 (RuTPU)RU\TPU\col\23553 
801 2 |a RU  |b 63413507  |c 20201230  |g RCR 
856 4 |u http://earchive.tpu.ru/handle/11683/52640 
942 |c BK